Digital communications (Record no. 956)

000 -LEADER
fixed length control field 00508nam a2200205 a 4500
001 - CONTROL NUMBER
control field 956
003 - CONTROL NUMBER IDENTIFIER
control field BD-DhUET
008 - FIXED-LENGTH DATA ELEMENTS--GENERAL INFORMATION
fixed length control field 860516s1986 inua b 001 0 eng
020 ## - INTERNATIONAL STANDARD BOOK NUMBER
International Standard Book Number 0071181830
040 ## - CATALOGING SOURCE
Original cataloging agency DLC
Transcribing agency DLC
Modifying agency BD-DhUET
082 00 - DEWEY DECIMAL CLASSIFICATION NUMBER
Classification number 623.8
Item number PRO/2001
100 ## - MAIN ENTRY--PERSONAL NAME
Personal name Proakis, John G.
245 00 - TITLE STATEMENT
Title Digital communications
250 ## - EDITION STATEMENT
Edition statement 4th ed.
260 ## - PUBLICATION, DISTRIBUTION, ETC. (IMPRINT)
Place of publication, distribution, etc. Boston
Name of publisher, distributor, etc. McGraw-Hill
Date of publication, distribution, etc. 2001
300 ## - PHYSICAL DESCRIPTION
Extent xxi,1002p..
504 ## - BIBLIOGRAPHY, ETC. NOTE
Bibliography, etc Includes bibliographies

650 #0 - SUBJECT ADDED ENTRY--TOPICAL TERM
Topical term or geographic name as entry element Digital communications.
942 ## - ADDED ENTRY ELEMENTS (KOHA)
Koha item type General Book
Holdings
Koha date last borrowed Withdrawn status Lost status Koha normalized classification for sorting Sublocation or collection (holding branch) Location (home branch) Not for loan Koha item type Piece designation (barcode) Price effective from Source of classification or shelving scheme Date acquired Shelving location Koha full call number Copy number Koha issues (times borrowed) Koha date last seen Damaged status
   623_000000000000000_8PRO2001Central Library, BUETCentral Library, BUET General Book1033422014-08-26 2014-08-26Circulation section623.8/PRO/20011 2014-08-26 
   623_000000000000000_8PRO2001Central Library, BUETCentral Library, BUET General Book1033442014-08-26 2014-08-26Circulation section623.8/PRO/20012 2017-07-30 
   623_000000000000000_8PRO2001Central Library, BUETCentral Library, BUET General Book1033452014-08-26 2014-08-26Circulation section623.8/PRO/20013 2015-06-08 
2015-05-20  623_000000000000000_8PRO2001Central Library, BUETCentral Library, BUET General Book1033462014-08-26 2014-08-26Circulation section623.8/PRO/2001412015-08-18 
   623_000000000000000_8PRO2001Central Library, BUETCentral Library, BUET General Book1033472014-08-26 2014-08-26Circulation section623.8/PRO/20015 2014-08-26 
2018-08-06  623_000000000000000_8PRO2001Central Library, BUETCentral Library, BUET General Book1033482014-08-26 2014-08-26Circulation section623.8/PRO/2001622018-08-29 
2018-08-29  623_000000000000000_8PRO2001Central Library, BUETCentral Library, BUET General Book1033492014-08-26 2014-08-26Circulation section623.8/PRO/2001712018-09-11 
   623_000000000000000_8PRO2001Central Library, BUETCentral Library, BUET General Book1033502014-08-26 2014-08-26Circulation section623.8/PRO/20018 2015-08-16 
   623_000000000000000_8PRO2001Central Library, BUETCentral Library, BUET General Book1076742014-08-26 2014-08-26Circulation section623.8/PRO/20019 2015-03-01 
2018-08-28  623_800000000000000_PRO_2001Central Library, BUETCentral Library, BUET General Book1033432017-05-16 2007-05-07Circulation section623.8/PRO/20011012018-09-09